00339nam a2200145Ia 4500008004100000020001400041041001200055082001100067100001800078245002500096260003300121300000800154650001500162700001600177221030s9999 xx 000 0 und d a817446411 aEnglish a105.23 aR. Nargundkar 0aMarketing Strategies bExcel BooksaNew Delhic2005 a437 aManagement aT. K. Panda